000 01261nam0a22002771 4500
001 rc\4750344
005 20130417093852.8
021 _aRU
_b[64-2202]
035 _a(NLR Aleph) 009010188
090 _a9362568
_c9362568
100 _a20130417d1963 |||y0rusy50 ca
101 0 _arus
102 _aRU
105 _ay z |||||
200 1 _aЛечебная гимнастика и электро-водо-грязелечение при переломах костей
_eУтв. 21/XI 1962 г.
_fМ-во здравоохранения УССР. Метод. указания. Укр. науч.-исслед. ин-т ортопедии и травматологии в г. Киеве
210 _aКиев
_cГосмедиздат УССР
_d1963
215 _a16 с.
_d20
300 _aНа обороте тит. л. сост.: проф. С.Н. Финогенов и канд. мед. наук А.А. Путилова
606 _aПереломы
_xЛечение физическими методами
_2psbo
702 1 _aФиногенов
_bС. Н.
_gСергей Николаевич
_4220
702 1 _aПутилова
_bА. А.
_4220
801 0 _aRU
_bNLR
_gpsbo
801 1 _aRU
_bELAR
_2rusmarc
852 _aNLR
_j64-4/2554
942 _cBOOK
980 _aNB